000 00791nam a2200289Ia 4500
001 Z_2165
003 CHAP
008 220113s2005 xx 000 0 und d
010 _a165221
020 _a0-8053-3066-6
040 _cCHAP
082 _a574.192 M2y 2002
100 _aMathews, Christopher K
_973001
245 _aBioquímica /
_cChristopher K. Mathews, K. E. van Holde y Kevin G. Ahern
260 _aMadrid :
_bPearson Addison Wesley,
_c2005
300 _a1368 p. :
_bilus. + 1 disco compacto
500 _aTrad. de Biochemistry, 3 ed. 2002
503 _ac/e
650 0 _aBioquímica
_9139215
700 _aHolde, K. E. van II. Ahern, Kevin G.
_9139216
901 _a574.192 M2Y 2002
902 _aM
910 _a2005
942 _c1
942 _cc1
999 _c165221
_d165221